| 000 | 00962nam a2200241 i 4500 | ||
|---|---|---|---|
| 001 | bg | ||
| 100 | 1 |
_aSTYP-REKOWSKI, Michał _d(1946- ) |
|
| 245 | 1 | 0 |
_aZnaczenie cech konstrukcyjnych dla trwałości skośnych łożysk kulkowych / _cMichał Styp-Rekowski. |
| 260 |
_aBydgoszcz : _bWydawnictwa Uczelniane AT-R, _c2001. |
||
| 300 |
_a124, [2] s. : _bil. ; _c24 cm. |
||
| 490 | 1 |
_aRozprawy / Akademia Techniczno-Rolnicza im. Jana i Jędrzeja Śniadeckich w Bydgoszczy, _x0209-0597 ; _vnr 103 |
|
| 500 | _aStreszcz. ang. | ||
| 504 | _aBibliogr. | ||
| 650 | 9 |
_aŁożyska toczne _xbudowa i konstrukcje _xbadanie |
|
| 650 | 9 |
_aŁożyska toczne _xeksploatacja _xbadanie |
|
| 650 | 9 |
_aWytrzymałość materiałów _xbadanie |
|
| 830 | 0 |
_aRozprawy (Akademia Techniczno-Rolnicza im. Jana i Jędrzeja Śniadeckich w Bydgoszczy) ; _vnr 103 |
|
| 040 | _cBPK | ||
| 041 | 0 |
_apl _ben |
|
| 080 | _a621.822:620.17 | ||
| 942 | _cKS | ||
| 008 | s pl f |000 0 pol | ||
| 999 |
_c42435 _d42435 |
||
| 856 |
_uhttp://koha.tu.koszalin.pl/cgi-bin/koha/opac-detail.pl?biblionumber=42435 _yKatalog online BPK |
||